Todos os Grand Chelem da Formula 1 - Statistics

Estatísticas Gerais
  • Esse quiz foi jogado 174 vezes
    38 desde o último reset
  • A pontuação média é 17 de 27
Estatísticas das Respostas
País Piloto % Correto
Brasil Ayrton Senna
100%
Reino Unido Lewis Hamilton
100%
Países Baixos Max Verstappen
97%
Argentina Juan Manuel Fangio
94%
Alemanha Michael Schumacher
94%
Alemanha Sebastian Vettel
94%
Brasil Nelson Piquet
91%
Alemanha Nico Rosberg
91%
Áustria Niki Lauda
91%
Espanha Fernando Alonso
88%
Monaco Charles Leclerc
84%
Austrália Oscar Piastri
81%
Itália Alberto Ascari
78%
Reino Unido Damon Hill
78%
Reino Unido Nigel Mansell
78%
FInlândia Mika Häkkinen
66%
Reino Unido Jim Clark
63%
Reino Unido Jackie Stewart
53%
Austrália Jack Brabham
47%
Canadá Gilles Villeneuve
44%
Reino Unido Mike Hawthorn
34%
Áustria Gerhard Berger
31%
Bélgica Jacky Ickx
19%
Reino Unido Stirling Moss
19%
Itália Clay Regazzoni
9%
França Jacques Laffite
6%
Suíça Jo Siffert
3%
Nenhum quiz correspondente encontrado
Distribuição das Pontuações
Porcentagem de Pessoas com Cada Pontuação
Percentil de Números Respondidos
Sua Pontuação Histórica
Você não jogou esse quiz desde o último reset